Objective mathematics / (Record no. 93176)

MARC details
000 -LEADER
fixed length control field 00895nam a22002417a 4500
005 - DATE AND TIME OF LATEST TRANSACTION
control field 20170829142450.0
008 - FIXED-LENGTH DATA ELEMENTS--GENERAL INFORMATION
fixed length control field 150424b xxu||||| |||| 00| 0 eng d
010 ## - LCCN (DPL NO)
LC control number B-492818-819
020 ## - INTERNATIONAL STANDARD BOOK NUMBER
Terms of availability 850.00 (vol.I & II )
035 ## - SYSTEM CONTROL NUMBER
System control number B-492818-19
037 ## - SOURCE OF ACQUISITION
Source of stock number/acquisition UBH / VEN
040 ## - CATALOGING SOURCE
Original cataloging agency dpl
Language of cataloging eng
082 ## - DEWEY DECIMAL CLASSIFICATION NUMBER
Classification number 000
100 ## - MAIN ENTRY--PERSONAL NAME
Personal name Sharma, R. D.
245 ## - TITLE STATEMENT
Title Objective mathematics /
Statement of responsibility, etc by R. D. Sharma
250 ## - EDITION STATEMENT
Edition statement 4th rev ed
260 ## - PUBLICATION, DISTRIBUTION, ETC. (IMPRINT)
Place of publication, distribution, etc New Delhi
Name of publisher, distributor, etc Dhanpat Rai Publications
Date of publication, distribution, etc 2013
270 ## - ADDRESS
Address 22 Ansari Road, Dariyaganj
City New Delhi
Postal code 110002
300 ## - PHYSICAL DESCRIPTION
Extent 2v(vp)
Dimensions 27cm(pbk)
500 ## - GENERAL NOTE
General note Entry of the book generated again on request.<br/>2 Vol.Set. Rs 850.00 (vol.I & II )
942 ## - ADDED ENTRY ELEMENTS (KOHA)
Source of classification or shelving scheme Dewey Decimal Classification
Item type English Books
Classification part 000
Call number suffix SHA
Holdings
Withdrawn status Lost status Source of classification or shelving scheme Damaged status Not for loan Collection code Home library Current library Date acquired Source of acquisition Cost, normal purchase price Total Checkouts Full call number Barcode Date last seen Copy number Cost, replacement price Koha item type Public note
Binding   Dewey Decimal Classification     Non-fiction Sarojini Nagar Sarojini Nagar 24/04/2015 UBH/254/26.2.13/DPL/ZLS/RP/2012-13/3/847/21.2.13/26.2.13/1.3.13 850.00   000 SHA B-492818 24/04/2015 1 850.00 English Books  
    Dewey Decimal Classification     Non-fiction Sarojini Nagar Sarojini Nagar 29/08/2017 UBH/254/26.2.13/DPL/ZLS/RP/2012-13/3/847/21.2.13/26.2.13/1.3.13 850.00   000 SHA B-492819 29/08/2017 1 850.00 English Books Withdrawn List Prepared L.No.62/23

© Delhi Public Library
Hit Counter
free hit counter